000 00624nam a22002177a 4500
003 0
005 20240921115702.0
008 240921b xxu||||| |||| 00| 0 eng d
020 _a978-81-19920-50-1
050 _aHM 1033
_b.B46 2024
100 _aBennett, Shawn
245 _aSocial psychology
_cShawn Bennett
250 _aFirst edition
260 _aNew Delhi, India
_bVenus Books
_c2024
300 _aix, 288 pages ;
_c24cm.
504 _aIncludes bibliographical references and index.
650 _aSocial psychology.
650 _aSocial behaviour.
650 _aPersonality assessment.
942 _2lcc
_cBK
999 _c366305
_d366305